00809nam a22002297a 4500999001700000003000900017008004100026040007100067082001700138100002000155245005600175260003800231300004400269505002900313650002400342650002100366700003100387700002700418942001600445945002100461952009700482 c20130d20130AR-CdUCM190527b ||||| |||| 00| 0 eng d aMUNICIPALIDAD PROVINCIAL DEL CUSCOcBIBLIOTECA MUNICIPAL DEL CUSCO a377.1 /bA57 aAndrews, Gladys aPhysical Education :bfor today´s boys and girls / aBoston :bAllyn and Bacon,c1960. a431 páginas ;bIlustraciones,c26 cm. aContenido: Psicología. a Psicología91538 aEducación9460 aSaurborn, Jeannette942102 aSchneider, Elsa942103 2ddccLIBROS adavvd2019-05-27 002ddc4070aSHbSHcCARTd2019-05-27g50.00o377.1 / A57pSH0000015357r2019-05-27yLIBROS